000 00537nam a2200181 a 4500
001 000040093
005 20201002033919.0
008 130806s1979 sp 000 0 spa d
020 _a842531125X
040 _aDO-SdBNP
_bspa
_cBNPHU
100 1 _aMeggs, Brown
_966359
240 1 0 _aAria
_lEspañol
245 1 0 _aAria /
_cBrown Meggs ; traducción Antonia Menini.
260 _aBarcelona :
_bEdiciones Grijalbo,
_c1979.
300 _a656 p. ;
_c20 cm.
500 _aTraducido del idioma inglés
700 1 _aMenini, Antonia,
_etrad.
_912026
999 _c39583
_d39583